| 000 | 01126cad a22002295a 4500 | ||
|---|---|---|---|
| 001 | L158303 | ||
| 008 | 121219e2014 xxk 000 0 eng d | ||
| 035 | _a(Sirsi) u158303 | ||
| 041 | 0 | _aeng | |
| 100 | 1 | _aBolton King, Peter | |
| 245 | 0 | 0 | _aBe sure the price is right |
| 260 | _c2014 | ||
| 490 |
_aRICS Property Journal _vDecember 2014-January 2015, 10-11(2) |
||
| 520 | _aGives the RICS view on a recent ASA ruling on guide and reserve prices that will affect auctioneers in all fields. | ||
| 520 | _aRecommended reading: The ASA adjudication is available in full at http://bit.ly/1wePtjt. The relevant RICS guidance note is Auctioneers selling real estate, 6th edition, L158304, (ISBN 9781783210060). Consumer and business protection regulations at http://www.rics.org/en/regulation1/firm-and-individual-guidance/consumer-and-business-protection-regulations/. | ||
| 650 | 2 | 4 | _aADVERTISING STANDARDS |
| 650 | 2 | 4 | _aCONSUMER PROTECTION FROM UNFAIR TRADING REGULATIONS 2008 |
| 651 | 4 | _aUnited Kingdom | |
| 690 |
_aAuctioneering _96218 |
||
| 710 |
_aRoyal Institution of Chartered Surveyors _94900 |
||
| 942 |
_n0 _2ddc |
||
| 999 |
_c84554 _d84554 |
||